|
|
|
|
| LEADER |
01011nam a2200265 a 4500 |
| 001 |
GR-MES14906 |
| 008 |
081124s2008 mau 000 b eng d |
| 020 |
|
|
|a 0618833269
|
| 020 |
|
|
|a 9780618833269
|
| 040 |
|
|
|a GrPaTEI
|b gre
|c GR-PaULI
|
| 040 |
|
|
|a GrPaTEI
|b gre
|c GR-PaULI
|
| 082 |
|
0 |
|a 338.5
|2 21
|
| 100 |
1 |
|
|a Boyes, William J.
|
| 245 |
1 |
0 |
|a Microeconomics /
|c William Boyes, Michael Melvin.
|
| 250 |
|
|
|a 7th ed.
|
| 260 |
|
|
|a Boston :
|b Houghton Mifflin,
|c c2008
|
| 300 |
|
|
|a xxiv, 510 σ. :
|b εικ., διαγ. ;
|c 26 εκ.
|
| 500 |
|
|
|a Περιλαμβάνει ευρετήριο.
|
| 650 |
|
0 |
|a Microeconomics
|
| 650 |
|
4 |
|a Μικροοικονομική
|
| 700 |
1 |
|
|a Melvin, Michael,
|d 1948-
|
| 942 |
|
|
|2 ddc
|
| 952 |
|
|
|0 0
|1 0
|2 ddc
|4 0
|6 338_500000000000000_ΒΟΥ
|7 0
|9 272775
|a MSLG
|b MSLG
|c BSC
|d 2021-01-17
|e 24
|f 0
|g 0.00
|l 0
|o 338.5 ΒΟΥ
|p 2420000023621
|r 2021-01-17 00:00:00
|t 1
|w 2021-01-17
|y BK15
|x 20090311 0 ΤΣΑΝΤΑΡΛΙΩΤΗ 1
|x GrPaTEI
|
| 971 |
|
|
|a .b25809556
|b 15-04-20
|c 13-09-16
|
| 999 |
|
|
|c 157820
|d 157820
|